| Tag |
First Indicator |
Second Indicator |
Subfields |
| LEADER |
00000uam a2200000 a 4500 |
| 001 |
in00004441925 |
| 005 |
20260128185852.8 |
| 006 |
m o d |
| 007 |
cr cn |
| 008 |
150920s2020 xx o eng |
| 020 |
|
|
|z 9780136628057
|
| 020 |
|
|
|z 9780136628101
|
| 024 |
8 |
|
|a 9780136628057
|
| 035 |
|
|
|a (CaSebORM)9780136628057
|
| 040 |
|
|
|d UtOrBLW
|
| 041 |
0 |
|
|a eng
|
| 100 |
1 |
|
|a Lambert, Joan,
|e author.
|0 http://id.loc.gov/authorities/names/no2010125299
|
| 245 |
1 |
0 |
|a MOS Study Guide for Microsoft PowerPoint Exam MO-300 /
|c Lambert, Joan.
|
| 250 |
|
|
|a 1st edition.
|
| 264 |
|
1 |
|b Microsoft Press,
|c 2020.
|
| 300 |
|
|
|a 1 online resource (224 pages)
|
| 336 |
|
|
|a text
|b txt
|2 rdacontent
|
| 337 |
|
|
|a computer
|b c
|2 rdamedia
|
| 338 |
|
|
|a online resource
|b cr
|2 rdacarrier
|
| 347 |
|
|
|a text file
|
| 520 |
|
|
|a Advance your everyday proficiency with PowerPoint, and earn the credential that proves it! Demonstrate your expertise with Microsoft PowerPoint 2019 and PowerPoint for Office 365! Designed to help you practice and prepare for Microsoft Office Specialist: PowerPoint Associate (Exam MO-300) certification, this official Study Guide delivers: In-depth preparation for each MOS objective Detailed procedures to help build the skills measured by the exam Hands-on tasks to practice what youve learned Ready-made practice files Sharpen the skills measured by these objectives: Manage Presentations Manage Slides Insert and Format Text, Shapes, and Images Insert Tables, Charts, SmartArt, 3D Models, and Media Apply Transitions and Animations About the MOS Associate Certification: A Microsoft Office Specialist (MOS): Associate certification validates your hands-on experience and competency with an Office product at an associate level. It demonstrates that you can apply the products principal features correctly, can complete tasks independently, and are ready to enter the job market. See full details at: microsoft.com/learn Practice Files Available at: MicrosoftPressStore.com/MOSPowerPoint300/downloads
|
| 533 |
|
|
|a Electronic reproduction.
|b Boston, MA :
|c Safari,
|n Available via World Wide Web.
|
| 538 |
|
|
|a Mode of access: World Wide Web.
|
| 542 |
|
|
|f Copyright © Microsoft Press
|
| 550 |
|
|
|a Made available through: Safari, an O'Reilly Media Company.
|
| 588 |
0 |
|
|a Online resource; Title from title page (viewed September 30, 2020)
|
| 500 |
|
|
|a Electronic resource.
|
| 655 |
|
7 |
|a Electronic books.
|2 local
|
| 710 |
2 |
|
|a Safari, an O'Reilly Media Company.
|
| 856 |
4 |
0 |
|u https://proxy.library.tamu.edu/login?url=https://go.oreilly.com/TAMU/library/view/-/9780136628057/?ar
|z Connect to this electronic resource
|t 0
|
| 999 |
f |
f |
|s 7a46aecf-164e-3b8e-9755-03efc8b182d2
|i b4bdcf3f-dd13-3fc2-8546-d66a10670ed0
|t 0
|
| 952 |
f |
f |
|a Texas A&M University
|b College Station
|c Electronic Resources
|s www_evans
|d Available Online
|t 0
|h No information provided
|
| 998 |
f |
f |
|t 0
|l Available Online
|